000 00859amm a2200277 4500
003 OSt
005 20240611111240.0
008 171104s2017 o d cat d
017 _aB-10547-2017
041 _acat
245 _aGlossari bàsic de prevenció de riscos laborals per als delegats i les delegades de prevenció
_h[en línia]
260 _aBarcelona
_bUGT de Catalunya
_c2017
300 _a16 p.
490 _aLa Prevenció a Mà
500 _aBibliografia
520 _a23
546 _acatalà
592 _aObra terminològica
593 _aNPH
650 0 _agestió i prevenció dels riscos laborals
_973287
830 _aLa Prevenció a Mà
_974946
856 _uhttp://catala.ugt.cat/wp-content/uploads/2017/04/glossari_prl_cat_2017_web.pdf
901 _cDL <2017>
942 _cMO
_2ddc
_n0
999 _c68589
_d68589